|
|
|
|
| LEADER |
01316njm a2200409 a 4500 |
| 001 |
000215173 |
| 003 |
CZ BrMZK |
| 005 |
19950101143423.0 |
| 008 |
950101s1997 xr f cze d |
| 028 |
0 |
1 |
|a 8 57144 4
|b Monitor-EMI
|
| 040 |
|
|
|a BOA001
|b cze
|
| 080 |
|
|
|a 784.4(086.7)
|2 MRF
|
| 100 |
0 |
|
|a Gabriela
|7 jn19981001302
|4 prf
|
| 245 |
1 |
0 |
|a Hledej lásku
|h [zvukový dokument] /
|c Gabriela.
|
| 246 |
3 |
3 |
|a Jen z tvých dotyků
|
| 246 |
3 |
3 |
|a Já s tebou hořím láskou
|
| 246 |
3 |
3 |
|a Náruč zázraků
|
| 246 |
3 |
3 |
|a To prý se stává
|
| 246 |
3 |
3 |
|a Už je to dávno, cos mě objímal
|
| 246 |
3 |
3 |
|a Vejdi dál
|
| 246 |
3 |
3 |
|a Z lásky zbyl jen stín
|
| 246 |
3 |
3 |
|a Zatím dýcháš
|
| 246 |
3 |
3 |
|a Zůstat sám
|
| 246 |
3 |
3 |
|a Šahrazád
|
| 246 |
3 |
3 |
|a Hledej lásku
|
| 260 |
|
|
|a Praha :
|b Monitor-EMI,
|c p1997
|
| 300 |
|
|
|a 1 MC :
|b Dolby systém +
|e 1 slož. list.
|
| 306 |
|
|
|a 004814
|
| 500 |
|
|
|a Durata [48:14]
|
| 500 |
|
|
|a Texty písní v doprovod. mat.
|
| 500 |
|
|
|a Nahr. neuv
|
| 505 |
2 |
|
|a Hledej lásku, Vejdi dál, Zůstat sám ... [et al.]
|
| 653 |
0 |
|
|a disco
|a populární hudba
|a populární písně
|
| 910 |
|
|
|a BOA001
|b KZ-0004.721
|
| 964 |
|
|
|a Hudba populární
|x MC
|
| 990 |
|
|
|a AV
|
| 996 |
6 |
|
|b 261H004848
|c KZ-0004.721
|l MZK
|r Sklad / do 24 hodin
|n 0
|p p.v.
|w 000215173
|u 000010
|a 1
|e BOA001
|j MZK50
|s P
|